000 02060cam a2200181 4500500
005 20260329001833.0
041 _afre
042 _adc
100 1 0 _avan de Sande, Mathijs
_eauthor
700 1 0 _aKets, Gaard
_eauthor
700 1 0 _aRoth, Laura
_eauthor
245 0 0 _aEl comunalismo como repertorio democrático
260 _c2026.
500 _a87
520 _a¿Qué es el «comunalismo» y cómo puede entenderse como un proyecto político original? Murray Bookchin es sin duda el defensor más conocido de este proyecto en las últimas décadas. Inspirado en parte por las experiencias de la Comuna de París de 1871, de la que tomó la expresión «comunalismo», Bookchin lo presenta como una ideología política coherente que abarca «los componentes filosóficos, históricos, políticos y organizativos de un socialismo para el siglo XXI» (2015). Sin embargo, esta definición parece implicar que el «comunalismo» es ante todo una ideología democrática coherente, que primero debe elaborarse teóricamente para luego ponerse en práctica. Este concepto también se refiere a la figura del teórico o la teórica política como alguien que prescribe, en lugar de analizar o describir la acción política. Proponemos otra interpretación del «comunalismo», más descriptiva, que denominamos «repertorio democrático». Durante los últimos ciento cincuenta años, este repertorio comunalista ha evolucionado y se ha adaptado a diferentes contextos culturales y políticos. Por lo tanto, también ha adquirido una serie de significados e implicaciones diferentes a lo largo del tiempo. Al entender «la Comuna» como el significado clave de un repertorio democrático, comprendemos mejor cómo ha seguido configurando —y, a su vez, cómo ha sido continuamente reconfigurada por— diversas prácticas y teorías políticas entre 1871 y la actualidad.
786 0 _nParticipations | 42 | 2 | 2026-02-05 | p. 33-60 | 2034-7650
856 4 1 _uhttps://shs.cairn.info/revista-participations-2025-2-page-33?lang=es&redirect-ssocas=7080
999 _c1809161
_d1809161